00574pab a2200169 454500008004000000100002100040245014100061260000900202300001600211362001100227650003300238650002200271650003500293650002900328650002700357773002000384180718b2017 xxu||||| |||| 00| 0 eng d aRamachandran, A. aAccomplishments and achievements in higher education in post independence era with special reference to agriculture and fisheries sector c2017 ap.88-91,95. a30 Jan aAcademic achievement - India aFisheries - India aAgricultural education - India aHigher education - India aAgricultural education aUniversity News